| 000 | 00470nam a22001817a 4500 | ||
|---|---|---|---|
| 005 | 20260415152233.0 | ||
| 008 | 260412b2014 |||||||| |||| 00| 0 eng d | ||
| 020 | _a9788132113133 | ||
| 040 | _aMAIN | ||
| 041 | _aENG | ||
| 082 |
_a342.0878 _bKAN/WOM |
||
| 100 | _aKannabiran, Kalpana | ||
| 245 |
_aWoman and Law : _bcritical feminist perspective _cby Kalpana Kannabiran. |
||
| 260 |
_aUSA : _bSAGE, _c2014. |
||
| 300 | _a305 P. | ||
| 650 | _aWoman Law. | ||
| 942 | _cBK | ||
| 999 |
_c18676 _d18676 |
||